000
00249nam a22001097a 4500
008
170112b xxu||||| |||| 00| 0 eng d
020
_a
0894430319
041
_a
eng
080
_a
618.2
245
_a
THE NURSE'S ALMANAC
_c
ROWLAND, H.S
942
_2
udc
_c
BK
999
_c
2837
_d
2837